000 00419nam a2200169Ia 4500
005 20250423100053.0
008 250422s9999 xx 000 0 und d
020 _a0- 13- 548164- 3
050 _aHD30.23.P75
100 _aA. Alan B. Pritsker
245 0 _aManagement decision making
260 _bPrentice- Hall
260 _c1983
300 _a521 p
650 _aDecision making- data processing
942 _cBK
999 _c32195
_d32195